000 00641nam a2200229Ia 4500
003 OSt
005 20220918110558.0
006 a|||||r|||| 00| 0
007 ta
008 220915b |||||||| |||| 00| 0 per d
024 _a62,242
037 _cReference Collections
040 _aARTS
_cARTS
_bper
041 _2per
_aper
082 _aQ1k, 164N1
100 _aYahaqi Mohammad Jaafar Au.
_98458
245 0 _aFarhang-e-asateer
260 _aTehran
_bMaususa mutalaat Iran
_c1991
650 _aHINDUISM
_98459
942 _hQ1k, 164N1
_cREF
999 _c113517
_d113517